Ujamaa ni Iman 1: Moyo Kabla ya Silaha (Record no. 2539)

MARC details
005 - DATE AND TIME OF LATEST TRANSACTION
control field 20250522145129.0
082 ## - DEWEY DECIMAL CLASSIFICATION NUMBER
Classification number 320.531 NYE
100 ## - MAIN ENTRY--PERSONAL NAME
Author name NYERERE, J . K .
245 ## - TITLE STATEMENT
Title Ujamaa ni Iman 1: Moyo Kabla ya Silaha
260 ## - PUBLICATION, DISTRIBUTION, ETC.
Place of publication, distribution, etc. Dar es salaam,
Name of publisher, distributor, etc. East Africa Publication House,
Date of publication, distribution, etc. 1973.
300 ## - PHYSICAL DESCRIPTION
Extent 71p.: ill.; picture,
Dimensions 18cm
942 ## - ADDED ENTRY ELEMENTS (KOHA)
Source of classification or shelving scheme Dewey Decimal Classification
Koha item type Books
Holdings
Date last seen Total checkouts Full call number Barcode Cost, replacement price Price effective from Koha item type Lost status Source of classification or shelving scheme Damaged status Not for loan Withdrawn status Home library Current library Shelving location Date acquired Cost, normal purchase price
05/22/2025   320.531 NYE 0000009521 30000.00 05/22/2025 Books   Dewey Decimal Classification       College of Business Education Main Library College of Business Education Main Library General Collection 12/06/1978 10000.00